BBC Sports Person of the Year Quiz Stats

 Plays Quiz Updated Dec 22, 2018

Support Sporcle.
Go Orange.
Score 0/67 Timer 10:00
1 Play Today
Year Personality % Correct
2020Lewis Hamilton
95%
2014Lewis Hamilton
94.7%
2015Andy Murray
87.2%
2016Andy Murray
86.9%
2013Andy Murray
84.5%
2017Mo Farah
82.5%
1999Lennox Lewis
80.5%
2012Bradley Wiggins
79%
2001David Beckham
77.1%
1994Damon Hill
76.8%
1996Damon Hill
76.8%
1993Linford Christie
75.4%
1986Nigel Mansell
74%
1992Nigel Mansell
74%
2004Kelly Holmes
72.9%
1982Daley Thompson
71.3%
1998Michael Owen
66.8%
2005Andrew Flintoff
66.5%
2000Steve Redgrave
66.2%
1973Jackie Stewart
65.7%
1987Fatima Whitbread
65.2%
2011Mark Cavendish
65.1%
1966Bobby Moore
63.2%
2009Ryan Giggs
61%
2008 Chris Hoy
60.3%
1990Paul Gascoigne
60.1%
1961Stirling Moss
59.1%
2019Ben Stokes
55.5%
2018Geraint Thomas
53.1%
1959John Surtees
52%
1979Sebastian Coe
50.4%
1984Jayne Torvill & Christopher Dean
48.1%
1981Ian Botham
48%
2003Jonny Wilkinson
45.4%
Year Personality % Correct
1965Tom Simpson
45.1%
1988Steve Davis
43.5%
1995Jonathan Edwards
43.4%
1967Henry Cooper
43.3%
1970Henry Cooper
43.3%
1978Steve Ovett
42.4%
1989Nick Faldo
42.2%
1971Princess Anne
40.5%
1983Steve Cram
39.7%
1954Chris Chataway
36%
1997Greg Rusedski
35.6%
1980Robin Cousins
35.6%
1956Jim Laker
34%
2002Paula Radcliffe
32.6%
1974Brendan Foster
32.2%
1958Ian Black
31.8%
1976John Curry
31.7%
1955Gordon Pirie
31.2%
2007Joe Calzaghe
31.1%
1985Barry McGuigan
30.6%
1960David Broome
30.4%
1957Dai Rees
30.4%
2006Zara Phillips
30.1%
1968David Hemery
29.2%
1975David Steele
27.8%
1977Virginia Wade
26.6%
2010Tony McCoy
25.2%
1969Ann Jones
19.4%
1972Mary Peters
17.5%
1991Liz McColgan
13.5%
1962Anita Lonsbrough
12.3%
1964Mary Rand
12%
1963Dorothy Hyman
10.3%

From the Vault

1990s Food Commercials

by PaulKcensored

Celebrate when you're done with some Dunkaroos.
Remove Ads.
Support Sporcle.
Get the best of Sporcle when you Go Orange. This ad-free experience offers more features, more stats, and more fun while also helping to support Sporcle. Thank you for becoming a member.

Show Comments

Extras

Top Quizzes Today


Score Distribution

Your Account Isn't Verified!

In order to create a playlist on Sporcle, you need to verify the email address you used during registration. Go to your Sporcle Settings to finish the process.

Report this User

Report this user for behavior that violates our Community Guidelines.

Details: